[Event "12sen.WM-H Naumburg"]
[Site "Naumburg/Saale(20.10.-03.11.)"]
[Date "2002.11.01"]
[Round "10"]
[White "Rosen, Willy"]
[Black "Zhukov, Viktor"]
[Result "1-0"]
[WhiteElo "2336"]
[BlackElo "2220"]
[PlyCount "149"]
[EventDate "2002.11.??"]

1. e4 c5 2. Nf3 Nc6 3. d4 cxd4 4. Nxd4 g6 5. c4 Nf6 6. Nc3 Bg7 7. Be3 Ng4 8.
Qxg4 Nxd4 9. Qd1 Ne6 10. Qd2 Qa5 11. Rc1 b6 12. Be2 Bb7 13. f3 f5 14. exf5 gxf5
15. O-O Rg8 16. Rfd1 d6 17. a3 f4 18. Bxf4 Qf5 19. Bg3 Bd4+ 20. Bf2 Qh3 21. Bf1
Qxf3 22. Bxd4 Nxd4 23. Nd5 Bxd5 24. cxd5 Nb3 25. Qc3 Qxc3 26. Rxc3 Nc5 27. b4
Ne4 28. Rc7 Nf6 29. Be2 Kf7 30. Ba6 Rg5 31. Re1 Nxd5 32. Bc4 Kf6 33. Bxd5 Rxd5
34. Rexe7 a5 35. Rxh7 axb4 36. Rhf7+ Kg6 37. axb4 Rd2 38. Rg7+ Kf5 39. h3 Ke5
40. Rc6 Rb8 41. Kh2 b5 42. Rg5+ Ke6 43. h4 Rd4 44. Kh3 Rxb4 45. Rg6+ Ke5 46.
Rgxd6 Rb3+ 47. g3 b4 48. Rb6 Rf8 49. h5 Rf1 50. h6 Rbb1 51. Rd7 b3 52. Kg4 b2
53. Rd2 Rh1 54. Re2+ Kd5 55. Rexb2 Rxb2 56. Rxb2 Rxh6 57. Re2 Rh8 58. Re3 Kd4
59. Re6 Rg8+ 60. Kf4 Kd5 61. Rf6 Ra8 62. g4 Ra1 63. Kf5 Rf1+ 64. Kg6 Rg1 65. g5
Ke5 66. Rf2 Rg3 67. Re2+ Kf4 68. Rf2+ Ke5 69. Rf1 Rg2 70. Re1+ Kf4 71. Kf6 Kg4
72. g6 Rf2+ 73. Ke7 Kh5 74. g7 Rg2 75. Rh1+ 1-0

[Event "12sen.WM-H Naumburg"]
[Site "Naumburg/Saale(20.10.-03.11.)"]
[Date "2002.11.01"]
[Round "10"]
[White "Rost_van_Tonningen, Otto"]
[Black "Rychlik, Kurt"]
[Result "1/2-1/2"]
[WhiteElo "2230"]
[BlackElo "2078"]
[PlyCount "35"]
[EventDate "2002.11.??"]

1. d4 g6 2. Nf3 Bg7 3. e3 Nf6 4. Be2 c5 5. O-O b6 6. c4 O-O 7. Nc3 cxd4 8. exd4
d5 9. Ne5 Bb7 10. Bf3 Na6 11. Bf4 Nc7 12. Re1 Rc8 13. Rc1 Ba8 14. Be3 Qd6 15.
Qa4 a6 16. cxd5 b5 17. Qb3 Ncxd5 18. Nxd5 1/2-1/2

[Event "12sen.WM-H Naumburg"]
[Site "Naumburg/Saale(20.10.-03.11.)"]
[Date "2002.11.01"]
[Round "10"]
[White "Rudnik, Heinz"]
[Black "Hohler, Peter"]
[Result "0-1"]
[WhiteElo "2068"]
[BlackElo "2210"]
[PlyCount "116"]
[EventDate "2002.11.??"]

1. Nf3 Nf6 2. g3 d5 3. Bg2 c6 4. O-O Bf5 5. b3 e6 6. Bb2 h6 7. d3 Be7 8. Nbd2
O-O 9. c4 Nbd7 10. Re1 Bh7 11. Rc1 a5 12. e4 Nc5 13. Ne5 Nfd7 14. Nxd7 Qxd7 15.
Qg4 f6 16. Bf1 dxc4 17. Nxc4 e5 18. Qxd7 Nxd7 19. d4 exd4 20. Bxd4 a4 21. Bh3
Nc5 22. Nb6 Nd3 23. Nxa8 Rxa8 24. Be6+ Kf8 25. f3 Bg8 26. Bxg8 Kxg8 27. Red1
Nxc1 28. Rxc1 axb3 29. axb3 Rd8 30. Bf2 Rd3 31. Rb1 Rxf3 32. b4 Rc3 33. b5 Bc5
34. bxc6 Bxf2+ 35. Kxf2 bxc6 36. Rb7 Rc2+ 37. Ke3 Rxh2 38. Rc7 Rc2 39. Kf4 h5
40. e5 fxe5+ 41. Kxe5 Kh7 42. Kf5 Kh6 43. Rc8 Rc5+ 44. Kf4 g6 45. Rc7 Rc4+ 46.
Kf3 Kg5 47. Rg7 Rc3+ 48. Kf2 Rc5 49. Rg8 Rf5+ 50. Ke3 Rf6 51. Ke4 Kg4 52. Ke5
Rf5+ 53. Ke4 g5 54. Rc8 Rf1 55. Rxc6 Re1+ 56. Kd3 Kxg3 57. Rc3 Re8 58. Rc5 Kh4
0-1

[Event "12sen.WM-H Naumburg"]
[Site "Naumburg/Saale(20.10.-03.11.)"]
[Date "2002.11.01"]
[Round "10"]
[White "Rueggeberg, Wilhelm"]
[Black "Blaushtein, Boris"]
[Result "1-0"]
[WhiteElo "1814"]
[BlackElo "2157"]
[PlyCount "133"]
[EventDate "2002.11.??"]

1. d4 Nf6 2. Nf3 d5 3. c4 dxc4 4. Qa4+ Nbd7 5. Nc3 c6 6. Qxc4 Nb6 7. Qd3 g6 8.
e4 Bg7 9. Be2 Bg4 10. Be3 O-O 11. O-O Bxf3 12. Bxf3 e5 13. Rad1 exd4 14. Bxd4
Qc7 15. Qc2 Rad8 16. Rfe1 Rfe8 17. g3 h5 18. Bg2 h4 19. f4 hxg3 20. hxg3 Nh5
21. Bf2 Qc8 22. Rxd8 Rxd8 23. Rd1 Rxd1+ 24. Nxd1 Qe6 25. b3 Nf6 26. Qe2 Nfd7
27. Bf3 Qe7 28. Qc2 Qb4 29. e5 g5 30. Qf5 gxf4 31. gxf4 Nf8 32. Bh5 Qe7 33. Ne3
Qe6 34. Kg2 Nd5 35. Kf3 b6 36. Bg4 Bh6 37. Qxe6 Nxe6 38. Bxe6 fxe6 39. Bg3 Nc3
40. a4 Kf7 41. Ng4 Bf8 42. Be1 Bb4 43. Nf6 Na2 44. Bxb4 Nxb4 45. Ne4 Nd5 46.
Nd6+ Ke7 47. Ke4 Kd7 48. f5 exf5+ 49. Nxf5 Nc7 50. Nd4 Ne6 51. b4 Nc7 52. Kf5
Nd5 53. e6+ Kd6 54. b5 c5 55. Nc6 a5 56. Ne5 Ne7+ 57. Kf6 Nd5+ 58. Kf5 Ne7+ 59.
Kf6 Ng8+ 60. Kf5 Kd5 61. Nd7 Ne7+ 62. Kf6 Nc8 63. e7 Nd6 64. Nxb6+ Kd4 65. Ke6
Ne8 66. Kf7 Nd6+ 67. Kf8 1-0

[Event "12sen.WM-H Naumburg"]
[Site "Naumburg/Saale(20.10.-03.11.)"]
[Date "2002.11.01"]
[Round "10"]
[White "Schulz, Wolfgang[32Hamb]"]
[Black "Vogel, Alfred[37Soemm]"]
[Result "1-0"]
[WhiteElo "2117"]
[BlackElo "1916"]
[PlyCount "139"]
[EventDate "2002.11.??"]

1. e4 e6 2. d4 d5 3. Nd2 dxe4 4. Nxe4 Nd7 5. Nf3 Ngf6 6. Nxf6+ Nxf6 7. Bg5 Be7
8. Ne5 h6 9. Be3 Nd5 10. Bd2 Bg5 11. g3 Bxd2+ 12. Qxd2 c6 13. Bg2 O-O 14. O-O
Qb6 15. c3 Ne7 16. Rfe1 Rd8 17. Qf4 Rf8 18. Re2 a5 19. Rae1 a4 20. h4 Nd5 21.
Qd2 Qd8 22. Be4 f5 23. Bc2 Qf6 24. c4 Ne7 25. Qd3 b6 26. Qf3 Rd8 27. Nxc6 Nxc6
28. Qxc6 Bd7 29. Qf3 Qxd4 30. Rd1 Qg4 31. Qxg4 fxg4 32. Red2 Ra7 33. b4 axb3
34. axb3 Kf8 35. Be4 Rc7 36. Rd6 Ke7 37. Rxb6 Rf8 38. Kf1 Rf6 39. Ke2 e5 40.
Rb8 Bc6 41. Bxc6 Rfxc6 42. Rd5 Rf6 43. Rxe5+ Kd6 44. Re4 h5 45. Rb6+ Rc6 46.
Rxc6+ Kxc6 47. Re5 g6 48. b4 Kd6 49. Re3 Rf8 50. f3 gxf3+ 51. Rxf3 Rb8 52. Rf6+
Ke7 53. Rxg6 Rxb4 54. Kd3 Rb1 55. Kd4 Rd1+ 56. Ke5 Re1+ 57. Kd5 Rd1+ 58. Kc6
Ra1 59. Rg5 Ra3 60. c5 Ke6 61. Kc7 Rc3 62. c6 Rd3 63. Rg7 Rb3 64. Rg5 Rd3 65.
g4 hxg4 66. Rxg4 Re3 67. Rd4 Rb3 68. Kc8 Rc3 69. c7 Rc1 70. Kd8 1-0

[Event "12sen.WM-H Naumburg"]
[Site "Naumburg/Saale(20.10.-03.11.)"]
[Date "2002.11.01"]
[Round "10"]
[White "Schumacher, Ursula"]
[Black "Rauscher, Erwin"]
[Result "1/2-1/2"]
[WhiteElo "1528"]
[BlackElo "1579"]
[PlyCount "39"]
[EventDate "2002.11.??"]

1. c4 c5 2. Nc3 Nc6 3. Nf3 g6 4. g3 Bg7 5. Bg2 d6 6. O-O e6 7. a3 Nge7 8. e3
O-O 9. d4 cxd4 10. exd4 d5 11. cxd5 exd5 12. Re1 Be6 13. Bf4 a6 14. Rc1 Rc8 15.
Na4 b6 16. Nc3 h6 17. Ne5 Nxe5 18. Bxe5 Bxe5 19. dxe5 b5 20. Ne2 1/2-1/2

[Event "12sen.WM-H Naumburg"]
[Site "Naumburg/Saale(20.10.-03.11.)"]
[Date "2002.11.01"]
[Round "10"]
[White "Schwagrowski, Bernd"]
[Black "Schoenegg, Werner"]
[Result "1/2-1/2"]
[WhiteElo "1543"]
[BlackElo "2015"]
[PlyCount "47"]
[EventDate "2002.11.??"]

1. Nf3 d6 2. d4 Nf6 3. Bf4 g6 4. Nbd2 Bg7 5. e4 O-O 6. Bd3 Nbd7 7. c3 e5 8.
dxe5 Nh5 9. Bg5 f6 10. exf6 Nhxf6 11. Nd4 Ne5 12. Qb3+ d5 13. Bc2 c5 14. N4f3
Nxf3+ 15. Nxf3 c4 16. Qb5 Kh8 17. Bxf6 Qxf6 18. Qxd5 Be6 19. Qg5 Qf7 20. O-O h6
21. Qe3 g5 22. Rad1 Bg4 23. Rd2 Qh5 24. Ne1 1/2-1/2

[Event "12sen.WM-H Naumburg"]
[Site "Naumburg/Saale(20.10.-03.11.)"]
[Date "2002.11.01"]
[Round "10"]
[White "Semasev, Kim"]
[Black "Boehnisch, Manfred"]
[Result "1/2-1/2"]
[WhiteElo "2274"]
[BlackElo "2365"]
[PlyCount "52"]
[EventDate "2002.11.??"]

1. e4 c6 2. d4 d5 3. e5 Bf5 4. Nc3 a6 5. a3 e6 6. g4 Bg6 7. Nge2 f6 8. Nf4 Bf7
9. Qe2 fxe5 10. Qxe5 Qd6 11. Qe2 Nd7 12. Bg2 O-O-O 13. Nd3 Bg6 14. Ne5 Nxe5 15.
dxe5 Qc5 16. Bf4 h5 17. h3 hxg4 18. hxg4 Rxh1+ 19. Bxh1 Qd4 20. Bg5 Be7 21. Rd1
Qb6 22. Bxe7 Nxe7 23. b4 Rh8 24. Bg2 Rh2 25. Kf1 Rh4 26. Rd2 a5 1/2-1/2

[Event "12sen.WM-H Naumburg"]
[Site "Naumburg/Saale(20.10.-03.11.)"]
[Date "2002.11.01"]
[Round "10"]
[White "Steffen, Guenter"]
[Black "Oelert, Ralf"]
[Result "0-1"]
[WhiteElo "1847"]
[BlackElo "2077"]
[PlyCount "84"]
[EventDate "2002.11.??"]

1. b3 e5 2. Bb2 d6 3. e3 Bf5 4. d3 Nc6 5. Nd2 Be7 6. e4 Be6 7. Ngf3 f5 8. exf5
Bxf5 9. Ne4 Nf6 10. Ng3 Bd7 11. a3 O-O 12. Be2 Nd5 13. O-O Nf4 14. Nd2 Nxe2+
15. Qxe2 Bh4 16. Rad1 Qe8 17. c4 Qg6 18. Nde4 Bg4 19. f3 Bd7 20. Qe3 Rae8 21.
b4 b6 22. b5 Ne7 23. Bc3 d5 24. cxd5 Nxd5 25. Qc1 Bxb5 26. Qb2 Ba6 27. Qb3 Qe6
28. Bd2 h6 29. Rc1 c5 30. Qa4 Bxd3 31. Rfd1 c4 32. Nf2 Nf4 33. Re1 Bxg3 34.
hxg3 Ne2+ 35. Rxe2 Bxe2 36. Re1 Bd3 37. Bc3 Qd5 38. Qxa7 Qb5 39. f4 Rf7 40.
Rxe5 Rxe5 41. Qb8+ Re8 42. Qd6 Qc5 0-1

[Event "12sen.WM-H Naumburg"]
[Site "Naumburg/Saale(20.10.-03.11.)"]
[Date "2002.11.01"]
[Round "10"]
[White "Stock, Hugo"]
[Black "Pastowski, Werner"]
[Result "1-0"]
[WhiteElo "1684"]
[BlackElo "1550"]
[PlyCount "107"]
[EventDate "2002.11.??"]

1. d4 d5 2. c4 c6 3. Nc3 Nf6 4. e3 Bf5 5. Bd3 Bxd3 6. Qxd3 e6 7. Nf3 Nbd7 8. b3
Bb4 9. Nd2 Bxc3 10. Qxc3 O-O 11. Ba3 Re8 12. Bd6 Rc8 13. c5 Nf8 14. O-O Ng6 15.
f3 Nh4 16. e4 Nd7 17. g3 Ng6 18. Rae1 e5 19. dxe5 Ndxe5 20. exd5 f6 21. Bxe5
Nxe5 22. d6 Qd7 23. Nc4 Ng6 24. Rxe8+ Rxe8 25. Re1 Rxe1+ 26. Qxe1 Kf8 27. b4 b5
28. Nd2 Ne5 29. Qe2 a6 30. f4 Ng6 31. Nf3 Kf7 32. Nd4 Kf8 33. Qf3 Qe8 34. Qe2
Qxe2 35. Nxe2 Ke8 36. Nd4 Kd7 37. Nf5 h5 38. Nxg7 h4 39. Nf5 hxg3 40. hxg3 Nf8
41. Nd4 Nh7 42. Kf2 f5 43. Kf3 Nf6 44. Nxf5 Nd5 45. a3 Nc3 46. Nd4 Na4 47. g4
a5 48. Nc2 axb4 49. axb4 Nc3 50. g5 Nd5 51. Kg4 Ke8 52. f5 Kf7 53. f6 Ke8 54.
Kf5 1-0

[Event "12sen.WM-H Naumburg"]
[Site "Naumburg/Saale(20.10.-03.11.)"]
[Date "2002.11.01"]
[Round "10"]
[White "Taimanow, Mark"]
[Black "Asmundsson, Ingvar"]
[Result "1/2-1/2"]
[WhiteElo "2406"]
[BlackElo "2358"]
[PlyCount "170"]
[EventDate "2002.11.??"]

1. c4 c6 2. Nf3 d5 3. e3 Nf6 4. Nc3 e6 5. b3 Bd6 6. Bb2 O-O 7. Qc2 a6 8. d4
Nbd7 9. Bd3 Qe7 10. Rd1 e5 11. cxd5 cxd5 12. dxe5 Nxe5 13. Be2 Nc6 14. O-O Be6
15. Ng5 Nb4 16. Qb1 h6 17. Nxe6 fxe6 18. Bf3 Nd7 19. Ne2 Ne5 20. Bxe5 Bxe5 21.
e4 Qg5 22. Qc1 Qxc1 23. Nxc1 d4 24. Bg4 Kf7 25. f4 Bc7 26. Rf2 Ke7 27. g3 e5
28. a3 Nc6 29. Nd3 g5 30. f5 Bd6 31. b4 Nb8 32. Re1 Nd7 33. Rc2 Nf6 34. Bf3 b6
35. Rc6 Rfb8 36. Nxe5 Bxe5 37. Re6+ Kd7 38. Rxe5 Re8 39. Rxe8 Rxe8 40. Rd1 Nxe4
41. Rxd4+ Nd6 42. Kf2 Ke7 43. g4 Rc8 44. Rd2 Rc3 45. Re2+ Kd7 46. Re6 Rxa3 47.
Rxh6 Rd3 48. Rh7+ Ke8 49. Rg7 Nf7 50. Rg8+ Ke7 51. Rb8 Rd6 52. Be2 b5 53. Rb7+
Kf6 54. h3 Ne5 55. Ke3 Nd7 56. Ke4 Ke7 57. Ra7 Rh6 58. Bf1 Rc6 59. Ke3 Kd6 60.
Bg2 Rc3+ 61. Kd2 Ra3 62. Bb7 Rxh3 63. Rxa6+ Kc7 64. Be4 Rg3 65. f6 Rxg4 66.
Ra7+ Kb6 67. Rb7+ Ka6 68. Rxd7 Rxe4 69. Rd6+ Kb7 70. Kc3 Rf4 71. Rd5 Rxf6 72.
Rxb5+ Kc6 73. Rxg5 Rh6 74. Kb3 Kb6 75. Ka4 Rf6 76. Rg8 Rh6 77. Rb8+ Ka7 78. Rb5
Ka6 79. Rg5 Kb6 80. Rg4 Rf6 81. Rg5 Rh6 82. Rg8 Rf6 83. Rg4 Rh6 84. Kb3 Rf6 85.
Ka4 Re6 1/2-1/2

[Event "12sen.WM-H Naumburg"]
[Site "Naumburg/Saale(20.10.-03.11.)"]
[Date "2002.11.01"]
[Round "10"]
[White "Theuermeister, Peter"]
[Black "Scheide, Helmut"]
[Result "0-1"]
[WhiteElo "1728"]
[BlackElo "2014"]
[PlyCount "78"]
[EventDate "2002.11.??"]

1. d4 Nf6 2. Nf3 e6 3. c4 b6 4. Nc3 Bb7 5. Bg5 Bb4 6. e3 O-O 7. Be2 d5 8. O-O
Nbd7 9. Rc1 Re8 10. Ne5 Be7 11. f4 dxc4 12. Bxc4 Nxe5 13. fxe5 Nd5 14. Bxe7
Rxe7 15. Nxd5 Bxd5 16. Bd3 g6 17. Rf6 c5 18. Bb1 Rd7 19. Qg4 cxd4 20. exd4 Bb7
21. Rd1 Rc8 22. h4 Rc4 23. Rf4 h5 24. Qg5 Qxg5 25. hxg5 Rdc7 26. Rff1 Rd7 27.
Rf4 b5 28. b3 Rc3 29. Rd2 Rg3 30. Kh2 Rxg5 31. Kh3 Rxe5 32. Rdf2 Re1 33. Bc2 g5
34. Rf6 Rxd4 35. Kh2 Rd7 36. Rh6 h4 37. Rh5 Re5 38. Rf6 Rd2 39. Bh7+ Kg7 0-1

[Event "12sen.WM-H Naumburg"]
[Site "Naumburg/Saale(20.10.-03.11.)"]
[Date "2002.11.01"]
[Round "10"]
[White "Thonig, Manfred"]
[Black "Olsen, Willy"]
[Result "1-0"]
[WhiteElo "1569"]
[BlackElo "1842"]
[PlyCount "91"]
[EventDate "2002.11.??"]

1. f4 e5 2. fxe5 d6 3. exd6 Bxd6 4. Nf3 Bg4 5. e3 Ne7 6. Be2 Ng6 7. d4 O-O 8.
O-O Re8 9. Bc4 Qd7 10. c3 Nc6 11. a3 Rad8 12. Qc2 Bf5 13. Qf2 Bxb1 14. Rxb1 h6
15. Nh4 Nh8 16. Nf5 Bf8 17. Qg3 Kh7 18. Bd3 Ne5 19. Bc2 Neg6 20. e4 Ne7 21. e5
g6 22. Nxe7 Qxe7 23. Qh3 Qe6 24. Qh4 f5 25. exf6 Qe2 26. Bb3 Qe4 27. Qxe4 Rxe4
28. Bf4 c5 29. Be5 cxd4 30. cxd4 Bc5 31. dxc5 Rxe5 32. f7 Rf8 33. Rbc1 Kg7 34.
c6 bxc6 35. Rxc6 Rb5 36. Be6 Rxb2 37. Ra6 Rb7 38. Bd5 Rc7 39. a4 h5 40. h4 Rd7
41. Bc4 Rc7 42. Rf4 g5 43. hxg5 Ng6 44. Re4 Rfc8 45. Be6 Nf8 46. Bxc8 1-0

[Event "12sen.WM-H Naumburg"]
[Site "Naumburg/Saale(20.10.-03.11.)"]
[Date "2002.11.01"]
[Round "10"]
[White "Till, Heinz"]
[Black "Kuczmera, Manfred"]
[Result "1/2-1/2"]
[WhiteElo "1389"]
[BlackElo "1608"]
[PlyCount "45"]
[EventDate "2002.11.??"]

1. e4 c5 2. Nc3 e6 3. d4 cxd4 4. Qxd4 Nc6 5. Qd1 Nf6 6. Nf3 d6 7. Be2 Be7 8.
O-O O-O 9. a3 a6 10. b4 b5 11. Bb2 Bb7 12. Bd3 Qc7 13. Re1 Rfd8 14. h3 d5 15.
exd5 Nxd5 16. Nxd5 Rxd5 17. Qe2 g6 18. Qe3 Bf8 19. Rac1 Bg7 20. Bxg7 Kxg7 21.
c4 bxc4 22. Rxc4 Qd7 23. Rh4 1/2-1/2

[Event "12sen.WM-H Naumburg"]
[Site "Naumburg/Saale(20.10.-03.11.)"]
[Date "2002.11.01"]
[Round "10"]
[White "Titz, Herbert"]
[Black "Piastowski, Kurt"]
[Result "1/2-1/2"]
[WhiteElo "2089"]
[BlackElo "1887"]
[PlyCount "54"]
[EventDate "2002.11.??"]

1. d4 d6 2. c4 e5 3. Nf3 exd4 4. Nxd4 Nf6 5. Nc3 d5 6. e3 Be7 7. Qb3 dxc4 8.
Bxc4 O-O 9. Bd2 c5 10. Nf3 Nc6 11. Nd5 Nxd5 12. Bxd5 Na5 13. Qd3 Be6 14. Be4
Qxd3 15. Bxd3 Nc6 16. Bc3 Rfd8 17. Ke2 a6 18. Be4 Bc4+ 19. Ke1 Bd5 20. Bxd5
Rxd5 21. Ke2 Rad8 22. Rhd1 b5 23. Rxd5 Rxd5 24. b3 f6 25. Rc1 Kf7 26. Rc2 Ke6
27. h3 Rd7 1/2-1/2

[Event "12sen.WM-H Naumburg"]
[Site "Naumburg/Saale(20.10.-03.11.)"]
[Date "2002.11.01"]
[Round "10"]
[White "Tschirky, Werner"]
[Black "Skjoenberg, Sverre"]
[Result "1/2-1/2"]
[WhiteElo "1652"]
[BlackElo "1544"]
[PlyCount "57"]
[EventDate "2002.11.??"]

1. e4 c6 2. d4 d5 3. Nd2 dxe4 4. Nxe4 Bf5 5. Ng3 Bg6 6. h4 h6 7. Nf3 e6 8. h5
Bh7 9. Bd3 Bxd3 10. Qxd3 Nd7 11. Bf4 Ngf6 12. O-O-O Qa5 13. a3 O-O-O 14. Qe2
Nd5 15. Bd2 Qc7 16. c4 N5f6 17. Ne5 Nxe5 18. dxe5 Nd7 19. Bc3 Be7 20. f4 Nb6
21. Ne4 Rxd1+ 22. Rxd1 Rd8 23. Rxd8+ Qxd8 24. c5 Nd5 25. Bd2 Qf8 26. Nd6+ Bxd6
27. exd6 Kd7 28. b4 a6 29. a4 1/2-1/2

[Event "12sen.WM-H Naumburg"]
[Site "Naumburg/Saale(20.10.-03.11.)"]
[Date "2002.11.01"]
[Round "10"]
[White "Villing, Dieter"]
[Black "Bakalarczyk, Wlodimierz"]
[Result "0-1"]
[WhiteElo "2183"]
[BlackElo "2003"]
[PlyCount "106"]
[EventDate "2002.11.??"]

1. e4 c5 2. f4 Nc6 3. Nf3 e6 4. Bb5 Qb6 5. Nc3 Nd4 6. Bc4 Be7 7. O-O a6 8. d3
Nf6 9. e5 Ng8 10. Ne4 Nh6 11. Nfg5 Qc7 12. c3 b5 13. cxd4 bxc4 14. dxc4 cxd4
15. Qxd4 Nf5 16. Qd3 Bb7 17. Re1 Qc6 18. Nf3 O-O 19. b3 a5 20. Bd2 Rfd8 21.
Rad1 h6 22. Bc3 d6 23. Qe2 d5 24. Ng3 Nxg3 25. hxg3 dxc4 26. Qxc4 Qxc4 27. bxc4
a4 28. Rxd8+ Rxd8 29. Rb1 Ba6 30. Ba5 Rd7 31. Rc1 Bc5+ 32. Kf1 Rd3 33. Rc2 Bb7
34. Rd2 Ra3 35. Rd8+ Kh7 36. Rd7 Bxf3 37. gxf3 Rxf3+ 38. Kg2 Rf2+ 39. Kh3 Rxa2
40. Rxf7 Rc2 41. Rc7 Bf8 42. Rc8 Be7 43. Re8 Bc5 44. Rc8 Be7 45. Bd8 Bb4 46.
Ra8 a3 47. Ba5 Bc5 48. Bc7 a2 49. g4 Kg6 50. Ra6 Kf7 51. f5 exf5 52. gxf5 Re2
53. e6+ Kf6 0-1

[Event "12sen.WM-H Naumburg"]
[Site "Naumburg/Saale(20.10.-03.11.)"]
[Date "2002.11.01"]
[Round "10"]
[White "Viner, Phillip"]
[Black "Opl, Klaus_Dr"]
[Result "1-0"]
[WhiteElo "2175"]
[BlackElo "2279"]
[PlyCount "175"]
[EventDate "2002.11.??"]

1. Nf3 d5 2. d4 Nf6 3. c4 c6 4. cxd5 cxd5 5. Nc3 Nc6 6. Bf4 a6 7. e3 Bg4 8. Be2
e6 9. Rc1 Be7 10. h3 Bh5 11. O-O O-O 12. Ne5 Bxe2 13. Nxc6 Bxd1 14. Nxd8 Rfxd8
15. Rfxd1 Rdc8 16. Na4 Nd7 17. Kf1 b5 18. Nc3 Nb6 19. Ne2 Nc4 20. b3 Ba3 21.
bxc4 Bxc1 22. Rxc1 Rxc4 23. Bd6 Rac8 24. Bc5 f6 25. Ke1 Kf7 26. Kd2 e5 27. Nc3
Ke6 28. Nd1 Rxc1 29. Kxc1 exd4 30. exd4 Kd7 31. Kd2 Kc6 32. Ne3 Re8 33. g3 g6
34. Ng4 Re6 35. Bf8 h5 36. Ne3 a5 37. a3 f5 38. Bg7 Re8 39. Kc3 Rc8 40. Kb2 Rb8
41. Be5 Rb7 42. Kb3 b4 43. a4 Rf7 44. h4 Rf8 45. Kb2 Rc8 46. Bf4 Re8 47. Kc2
Re7 48. Be5 Rb7 49. Kb3 Re7 50. Ng2 Re8 51. Nf4 Rc8 52. Nd3 Re8 53. Kb2 Rg8 54.
Bf4 Kd7 55. Ne5+ Ke6 56. Bd2 Kd6 57. Nd3 Re8 58. Be3 Rc8 59. Bf4+ Ke7 60. Nc5
Rc6 61. Bg5+ Ke8 62. Kb1 Rb6 63. Nb3 Re6 64. Be3 Ra6 65. Kc2 Rc6+ 66. Nc5 Ke7
67. Kb2 Ke8 68. Kb3 Rc7 69. Bg5 Rc6 70. Bf4 Ke7 71. Be5 Rc8 72. Kb2 Rc6 73. Nb3
Kd8 74. Nxa5 Ra6 75. Nb7+ Kc8 76. Nc5 Rb6 77. Kb3 Kd8 78. a5 Rb5 79. Ka4 b3 80.
Nxb3 Rb7 81. Bd6 Ra7 82. Nc5 Kc8 83. Kb5 Rf7 84. a6 f4 85. gxf4 g5 86. hxg5 h4
87. g6 Rg7 88. f5 1-0

[Event "12sen.WM-H Naumburg"]
[Site "Naumburg/Saale(20.10.-03.11.)"]
[Date "2002.11.01"]
[Round "10"]
[White "Weigel, Max"]
[Black "Thuma, Horst"]
[Result "0-1"]
[WhiteElo "1579"]
[BlackElo "1678"]
[PlyCount "84"]
[EventDate "2002.11.??"]

1. Nf3 c5 2. c4 Nc6 3. Nc3 Nf6 4. e3 e6 5. d4 cxd4 6. exd4 d5 7. b3 Bb4 8. Bd2
dxc4 9. a3 Ba5 10. Bxc4 Nxd4 11. Nxd4 Qxd4 12. Rc1 Bd7 13. O-O O-O 14. Be1 Qxd1
15. Rxd1 Bc6 16. b4 Bc7 17. b5 Bd7 18. Na4 Rac8 19. Be2 Rfd8 20. g3 b6 21. Bb4
Nd5 22. Bd2 Bd6 23. Rc1 Bxa3 24. Rxc8 Rxc8 25. Bd3 a6 26. Ra1 axb5 27. Nxb6
Nxb6 28. Rxa3 Nc4 29. Rc3 Nxd2 30. Rxc8+ Bxc8 31. Bxb5 Bb7 32. Be2 Nf3+ 33.
Bxf3 Bxf3 34. Kf1 f5 35. Ke1 g5 36. Kd2 e5 37. Ke3 e4 38. Kd4 Kg7 39. Ke5 Kg6
40. Ke6 h5 41. Ke5 Bg2 42. Ke6 f4 0-1

[Event "12sen.WM-H Naumburg"]
[Site "Naumburg/Saale(20.10.-03.11.)"]
[Date "2002.11.01"]
[Round "10"]
[White "Wilke, Dieter_Dr"]
[Black "Lardot, Derik"]
[Result "1-0"]
[WhiteElo "1964"]
[BlackElo "1916"]
[PlyCount "105"]
[EventDate "2002.11.??"]

1. d4 Nf6 2. Nf3 g6 3. c4 Bg7 4. g3 O-O 5. Bg2 c5 6. d5 d6 7. O-O e5 8. Nc3 Ne8
9. e4 f5 10. exf5 gxf5 11. Ng5 Qf6 12. Ne6 Rf7 13. g4 Qh4 14. gxf5 Rxf5 15. Ne4
h6 16. Qd3 Qe7 17. N4xc5 Rf7 18. Ne4 Bxe6 19. dxe6 Qxe6 20. Ng3 Nf6 21. Qg6 Qg4
22. Qxg4 Nxg4 23. Bd5 Nc6 24. Nf5 Rd8 25. f3 Nf6 26. Bxf7+ Kxf7 27. Nxh6+ Ke6
28. Ng4 Nd7 29. Be3 a6 30. Rad1 Ne7 31. Bg5 Rc8 32. Bxe7 Kxe7 33. b3 Rg8 34.
Kf2 Nc5 35. Ne3 Ke6 36. Rg1 Nd7 37. Rg6+ Kf7 38. Rdg1 Nf6 39. Nd5 Bh8 40. Rxg8
Nxg8 41. Ke3 Bg7 42. Ke4 Nh6 43. Ne3 Bf8 44. Ng4 Ng8 45. Rd1 Ke6 46. h4 Be7 47.
Rh1 Bf8 48. h5 Bg7 49. h6 Bh8 50. h7 Ne7 51. Rh6+ Kd7 52. Nf6+ Kc7 53. Ne8+ 1-0

[Event "12sen.WM-H Naumburg"]
[Site "Naumburg/Saale(20.10.-03.11.)"]
[Date "2002.11.01"]
[Round "10"]
[White "Winiwarter, Felix_Dr"]
[Black "Suchsland, Helmut_Dr"]
[Result "1-0"]
[WhiteElo "2191"]
[BlackElo "1786"]
[PlyCount "65"]
[EventDate "2002.11.??"]

1. d4 d5 2. c4 e6 3. Nc3 Nf6 4. e3 c5 5. Nf3 Nc6 6. a3 a5 7. Bd3 cxd4 8. exd4
Be7 9. O-O O-O 10. Re1 b6 11. cxd5 exd5 12. Qa4 Bd7 13. Bb5 Rc8 14. Ne5 Qe8 15.
Bg5 h6 16. Bxf6 gxf6 17. Nxd7 Qxd7 18. Bxc6 Qd6 19. Nxd5 Bd8 20. Bd7 Bc7 21.
Nxc7 Rxc7 22. Bf5 Rd8 23. Re8+ Rxe8 24. Qxe8+ Kg7 25. Qe4 h5 26. Rd1 Re7 27.
Qd3 Kh6 28. Qd2+ Kg7 29. Bb1 Re8 30. Qd3 Rh8 31. Qg3+ Qxg3 32. fxg3 Re8 33. d5
1-0

[Event "12sen.WM-H Naumburg"]
[Site "Naumburg/Saale(20.10.-03.11.)"]
[Date "2002.11.01"]
[Round "10"]
[White "Wunderer, Eckart"]
[Black "Jaki, Ingo"]
[Result "1-0"]
[WhiteElo "2206"]
[BlackElo "2073"]
[PlyCount "39"]
[EventDate "2002.11.??"]

1. e4 d5 2. Nf3 Bg4 3. Nc3 Nf6 4. exd5 Nxd5 5. Bc4 e6 6. O-O Nxc3 7. bxc3 Bd6
8. h3 Bh5 9. d4 Nd7 10. Re1 O-O 11. Bd3 Qf6 12. g4 Bf4 13. gxh5 Bxc1 14. Rxc1
Qh6 15. Ne5 Nf6 16. Ng4 Qg5 17. Re5 Qh4 18. Qf3 Nd7 19. Qe4 f5 20. Nh6+ 1-0

[Event "12sen.WM-H Naumburg"]
[Site "Naumburg/Saale(20.10.-03.11.)"]
[Date "2002.11.01"]
[Round "10"]
[White "Zakhvatov, Vladimir"]
[Black "Kahn, Manfred"]
[Result "1-0"]
[WhiteElo "2314"]
[BlackElo "2177"]
[PlyCount "85"]
[EventDate "2002.11.??"]

1. Nf3 d5 2. d4 Nc6 3. c4 Bg4 4. cxd5 Bxf3 5. dxc6 Bxc6 6. Nc3 e6 7. e4 Bb4 8.
f3 Qh4+ 9. g3 Qf6 10. Be2 O-O-O 11. Be3 Ba5 12. Qd2 h6 13. O-O-O Ne7 14. Qe1 g5
15. Rf1 Qg6 16. a3 Ba4 17. Rd2 Bxc3 18. bxc3 Nc6 19. Rb2 f5 20. Bd3 Ne5 21. Qe2
Nxd3+ 22. Qxd3 fxe4 23. Qxe4 Qxe4 24. fxe4 Bc6 25. e5 Be4 26. g4 Kd7 27. Rf7+
Kc6 28. Rbf2 Rd7 29. c4 b6 30. Rxd7 Kxd7 31. Rf7+ Kc6 32. Re7 Rh7 33. Rxe6+ Kd7
34. d5 Bf3 35. Rf6 Bxg4 36. c5 Bh5 37. c6+ Ke8 38. Kd2 Bg4 39. Kc3 Rf7 40. Rxh6
Rf3 41. Kd4 Rh3 42. Rxh3 Bxh3 43. Bxg5 1-0

[Event "12sen.WM-H Naumburg"]
[Site "Naumburg/Saale(20.10.-03.11.)"]
[Date "2002.11.01"]
[Round "10"]
[White "Zoltek, Tadeuz"]
[Black "Unzicker, Wolfgang"]
[Result "1/2-1/2"]
[WhiteElo "2317"]
[BlackElo "2432"]
[PlyCount "53"]
[EventDate "2002.11.??"]

1. Nf3 Nf6 2. c4 e6 3. Nc3 c5 4. g3 Nc6 5. Bg2 d5 6. cxd5 Nxd5 7. O-O Be7 8.
Nxd5 exd5 9. d4 O-O 10. dxc5 Bxc5 11. Qc2 Bb6 12. Rd1 Qf6 13. Bg5 Qe6 14. Bf4
h6 15. Qd3 Rd8 16. a3 Qf6 17. b4 Bf5 18. Qd2 Be4 19. b5 Na5 20. Qa2 Nc4 21. h4
Re8 22. Rac1 Re7 23. Qa1 Qg6 24. e3 Qh5 25. Nd4 Ne5 26. Bxe5 Rxe5 27. a4
1/2-1/2

[Event "12sen.WM-H Naumburg"]
[Site "Naumburg/Saale(20.10.-03.11.)"]
[Date "2002.11.01"]
[Round "10"]
[White "Zurel, Maxim"]
[Black "Bodinger, Karl"]
[Result "1-0"]
[WhiteElo "1777"]
[BlackElo "1577"]
[PlyCount "81"]
[EventDate "2002.11.??"]

1. e4 c5 2. Nf3 d6 3. c3 a6 4. Bc4 e6 5. O-O b5 6. Bb3 e5 7. d4 c4 8. Bc2 Qc7
9. dxe5 dxe5 10. Qd5 Bb7 11. Qxe5+ Qxe5 12. Nxe5 Nf6 13. Re1 Bd6 14. Nf3 Ng4
15. e5 Bc5 16. Nd4 Nc6 17. h3 Nxd4 18. cxd4 Bb4 19. Bd2 Bxd2 20. Nxd2 Nh6 21.
Rad1 Ke7 22. g4 Rhd8 23. Be4 Bd5 24. Bxd5 Rxd5 25. Ne4 Ng8 26. Nc3 Rdd8 27. d5
g5 28. Ne4 h6 29. d6+ Kd7 30. Re3 a5 31. Rf3 Ke8 32. Nf6+ Nxf6 33. Rxf6 Ra7 34.
Rxh6 Kd7 35. Rf6 Ke8 36. Rf5 b4 37. Rxg5 c3 38. bxc3 bxc3 39. Rc1 Kf8 40. Rxc3
f6 41. Rf5 1-0